000 00729nam a22001935i 4500
001 166013
003 ES-MaACL
005 20250809033908.0
008 050920s1857 it | |||||||| ||ita d
040 _aCAM
_bspa
_cCAM
100 1 _aTapparelli, Luigi.
_9133118
245 1 0 _aSaggio teoretico di dritto naturale
_b: apoggiato sul fatto /
_copera del P. Luigi Taparelli.
250 _a6ยช ed.
_bcon molte e considerevoli aggiunzioni fatte dall'autore nell'ultima edizione di Roma del 1856.
260 _aPalermo :
_ba spese degli editori,
_c1857.
300 _a2 v. (370; 380 p. ) ;
_c25 cm.
650 7 _aDerecho natural
_2embne
_911744
852 _aES-MaACL
_jG-9558-59
_z-- Enc. hol.
999 _c166013
_d166013